| LEADER 01174nam 2200277 a 4500 |
| 001 12334105988 |
| 003 ULIB |
| 008 030417s2551 th a sb 001 0 tha |
| 020 ^a9789741015863
|
| 060 04 ^aWQ200^bว896 2551
|
| 245 00 ^aเวชศาสตร์มารดาและทารกในครรภ์ =^cราชวิทยาลัยสูตินรีแพทย์แห่งประเทศไทย
|
| 246 31 ^aMaternal-fetal medicine
|
| 250 ^aนิพนธ์และเรียบเรียงครั้งที่ 2
|
| 260 ^aกรุงเทพฯ :^bราชวิทยาลัยสูตินรีแพทย์แห่งประเทศไทย,^c2551
|
| 300 ^a539 หน้า :^bภาพประกอบ
|
| 520 ^aหนังสือเล่มนี้เสนอเนื้อหาเกี่ยวกับเวชศาสตร์มารดาและทารกในครรภ์ อาทิเช่น การแท้งซ้ำซาก ถุงน้ำคร่ำแตกก่อนการเจ็บครรภ์ การตั้งครรภ์แฝด ความดันโลหิตสูงเนื่องจากการตั้งครรภ์ การตกเลือดก่อนคลอด ทารกโตช้าในครรภ์ การตั้งครรภ์เกินกำหนด การตั้งครรภ์ในสตรีวัยรุ่น เบาหวานกับการตั้งครรภ์ การชักนำการคลอด ภาวะขาดออกซิเจนในทารกปริกำเนิด การผ่าท้องคลอด ภาวะทารกในครรภ์บวมน้ำ ฯลฯ
|
| 650 7 ^aสูติศาสตร์
|
| 650 7 ^aครรภ์
|
| 650 7 ^aอนามัยแม่และเด็ก
|
| 650 7 ^aทารก, การบำรุงรักษา
|
| 650 7 ^aทารกในครรภ์, การตรวจสภาพ
|
| 700 0 ^aเยื้อน ตันนิรันดร,^eบรรณาธิการ
|
| 700 0 ^aวรพงศ์ ภู่พงศ์,^eบรรณาธิการ
|
| 710 1 ^aราชวิทยาลัยสูตินรีแพทย์แห่งประเทศไทย
|
| 913 ^aImported by ULIBM Administrator
|
| 949 ^aImport form external file by ULIBM system
|
| 999 ^aสุณิสา
|